Aplicaciones progresivas de nitrógeno en trigo en Colonia Napostá /

Guardado en:
Autor Principal: Dagna Frommherz, Facundo.
Autor Corporativo: Universidad Nacional del Sur. Departamento de Agronomía.
Otros Autores: Ron, María de las Mercedes, (tutor.)
Formato: Libro
Idioma:Undetermined
Publicado: Bahía Blanca, 2014.
Etiquetas: Agregar Etiqueta
Sin Etiquetas, Sea el primero en etiquetar este registro!
LEADER 00730nam a22001695a 4500
001 EEA.libagro010263
005 20160923093933.0
008 140403s2014####ag############000#0#und#d
082 0 4 |a 633.20821 
100 1 |a Dagna Frommherz, Facundo. 
245 1 0 |a Aplicaciones progresivas de nitrógeno en trigo en Colonia Napostá /  |c Facundo Dagna Frommherz. 
260 |a Bahía Blanca,  |c 2014. 
300 |a 51 h. :  |b il. col. ;  |c 30 cm. 
500 |a Trabajo de intensificación (Ingeniero Agrónomo) -- Universidad Nacional del Sur. Departamento de Agronomía, 2014. 
700 1 |a Ron, María de las Mercedes,  |e tutor. 
710 2 |a Universidad Nacional del Sur.  |b Departamento de Agronomía. 
859 |a AR-BbBCA  |b BIB. AGRONOMIA  |h 633.11894  |i D126  |p 2014/6468